La localización industrial / (Record no. 10922)

MARC details
000 -LEADER
campo de control de longitud fija 00863nam a22002655i 4500
001 - NÚMERO DE CONTROL
campo de control 10922
003 - IDENTIFICADOR DE NÚMERO DE CONTROL
campo de control ES-MaACL
005 - FECHA Y HORA DE LA ÚLTIMA TRANSACCIÓN
campo de control 20230906150006.0
007 - CAMPO FIJO DE DESCRIPCIÓN FÍSICA--INFORMACIÓN GENERAL
campo de control de longitud fija t|
008 - DATOS DE LONGITUD FIJA--INFORMACIÓN GENERAL
campo de control de longitud fija 921112s1992 sp ||||0| spa j
020 ## - NÚMERO INTERNACIONAL ESTÁNDAR DEL LIBRO
Número Internacional Estándar del Libro 84-7738-155-0
040 ## - FUENTE DE CATALOGACIÓN
Centro catalogador/agencia de origen M-BN
Lengua de catalogación spa
Centro/agencia transcriptor M-BN
080 ## - NÚMERO DE LA CLASIFICACIÓN DECIMAL UNIVERSAL
Número de la Clasificación Decimal Universal 658.21
100 1# - ENTRADA PRINCIPAL--NOMBRE DE PERSONA
Nombre de persona Precedo Ledo, Andrés.
9 (RLIN) 93730
245 13 - MENCIÓN DEL TÍTULO
Título La localización industrial /
Mención de responsabilidad, etc. Andrés Precedo Ledo, Montserrat Villarino Pérez.
260 ## - PUBLICACIÓN, DISTRIBUCIÓN, ETC.
Lugar de publicación, distribución, etc. Madrid :
Nombre del editor, distribuidor, etc. Síntesis,
Fecha de publicación, distribución, etc. D.L. 1992.
300 ## - DESCRIPCIÓN FÍSICA
Extensión 256 p ;
Dimensiones 22 cm.
490 1# - MENCIÓN DE SERIE
Mención de serie Espacios y sociedades. Serie general ;
Designación de volumen o secuencia n. 18
504 ## - NOTA DE BIBLIOGRAFÍA, ETC.
Nota de bibliografía, etc. Bibliografía: p. 253-253.
650 14 - PUNTO DE ACCESO ADICIONAL DE MATERIA--TÉRMINO DE MATERIA
Término de materia o nombre geográfico como elemento de entrada Localización industrial.
9 (RLIN) 14690
700 1# - ENTRADA AGREGADA--NOMBRE PERSONAL
Nombre de persona Villarino Pérez, Montserrat.
9 (RLIN) 115127
830 0# - PUNTO DE ACCESO ADICIONAL DE SERIE-TÍTULO UNIFORME
Título uniforme Espacios y sociedades. Serie general ;
Designación de volumen o secuencia n. 18
9 (RLIN) 178867
852 ## - LOCALIZACIÓN
Ubicación ES-MaACL
Número de control de estantería L-18226
Sublocalización o colección R.121903
Holdings
Estatus retirado Estado de pérdida Estado de daño No para préstamo Biblioteca de origen Biblioteca actual Ubicación en estantería Fecha de adquisición Fuente de adquisición Total de préstamos Signatura topográfica completa Código de barras Visto por última vez Precio de reemplazo Tipo de ítem Koha
        Biblioteca del Ateneo de Madrid Biblioteca del Ateneo de Madrid Depósito 2 17/01/2008     L-18226 1011140 23/02/2023 23/02/2023 Libro impreso